[Event "Abu Dhabi op 22nd"]
[Site "Abu Dhabi"]
[Date "2014.08.26"]
[Round "7"]
[White "Ayyad, Maher"]
[Black "Janahi, Zeyaad"]
[Result "1/2-1/2"]
[WhiteElo "2147"]
[BlackElo "2109"]
[PlyCount "33"]
[EventDate "2014.08.20"]
[EventType "swiss"]
[EventRounds "9"]
[EventCountry "UAE"]
[SourceTitle "CBM 162 Extra"]
[Source "ChessBase"]
[SourceDate "2014.10.17"]
[SourceVersion "1"]
[SourceVersionDate "2014.10.17"]
[SourceQuality "1"]

1. d4 Nf6 2. Nf3 g6 3. c4 Bg7 4. g3 c6 5. Bg2 d5 6. cxd5 cxd5 7. 0-0 0-0 8. Nc3 Nc6 9. Ne5 Qa5 10. e3 e6 11. Bd2 Qd8 12. Nxc6 bxc6 13. Rc1 Ba6 14. Re1 Nd7 15. Na4 Rc8 16. f4 Re8 17. Bb4 1/2-1/2

[Event "Vlissingen HZ op 09th"]
[Site "Vlissingen"]
[Date "2005.08.07"]
[Round "2"]
[White "Ikonnikov, Vyacheslav"]
[Black "Janahi, Zeyaad"]
[Result "1-0"]
[WhiteElo "2560"]
[BlackElo "2160"]
[PlyCount "69"]
[EventDate "2005.08.06"]
[EventType "swiss"]
[EventRounds "9"]
[EventCountry "NED"]
[SourceTitle "CBM 107 Extra"]
[Source "ChessBase"]
[SourceDate "2005.09.01"]
[SourceVersion "1"]
[SourceVersionDate "2005.09.01"]
[SourceQuality "1"]

1. d4 Nf6 2. Nf3 e6 3. c4 d5 4. Nc3 a6 5. cxd5 exd5 6. Bg5 Be7 7. e3 c6 8. Qc2 Nh5 9. Bxe7 Qxe7 10. Nxd5 Qd6 11. Nc3 Be6 12. Bd3 Nd7 13. Ne4 Qe7 14. 0-0 h6 15. Ne5 g5 16. Nxd7 Bxd7 17. Nc5 Bc8 18. Rae1 Ng7 19. f4 g4 20. f5 f6 21. Qb3 h5 22. Kh1 b5 23. Be4 Bd7 24. Rc1 Rc8 25. Rc3 h4 26. Qc2 Nh5 27. Kg1 Ng3 28. Rf4 b4 29. Rc4 a5 30. hxg3 hxg3 31. Nxd7 Kxd7 32. Rxc6 Qh7 33. Kf1 Qh1+ 34. Ke2 Rh2 35. Rxc8 1-0

[Event "Budapest FS07 IM"]
[Site "Budapest"]
[Date "2004.07.15"]
[Round "12"]
[White "Janahi, Zeyaad"]
[Black "Kahn, Evarth"]
[Result "0-1"]
[WhiteElo "2239"]
[BlackElo "2321"]
[PlyCount "72"]
[EventDate "2004.07.03"]
[EventType "tourn"]
[EventRounds "13"]
[EventCountry "HUN"]
[EventCategory "2"]
[SourceTitle "EXT 2008"]
[Source "ChessBase"]
[SourceDate "2007.11.25"]
[SourceVersion "1"]
[SourceVersionDate "2007.11.25"]
[SourceQuality "1"]

1. e4 c5 2. b3 Nc6 3. Bb2 e5 4. Bb5 Nge7 5. Ne2 a6 6. Bxc6 Nxc6 7. 0-0 d6 8. f4 Be7 9. Nbc3 Be6 10. f5 Bd7 11. Ng3 Bg5 12. Nd5 0-0 13. d3 f6 14. Qg4 Ne7 15. Qf3 Be8 16. Ne2 Bf7 17. g3 b5 18. h4 Bh6 19. g4 Nc6 20. c3 a5 21. Kh1 b4 22. Rg1 bxc3 23. Nexc3 Kh8 24. Rg2 Nb4 25. Rag1 Nxd5 26. exd5 g6 27. g5 Bg7 28. gxf6 Qxf6 29. h5 gxf5 30. Rg5 Bh6 31. Rxf5 Bxd5 32. Rxf6 Bxf3+ 33. Rxf3 Rxf3 34. Ne4 Rh3+ 35. Kg2 Rxd3 36. Nxd6 Rg8+ 0-1

[Event "Budapest FS07 IM"]
[Site "Budapest"]
[Date "2004.07.09"]
[Round "6"]
[White "Kolbus, Dietmar"]
[Black "Janahi, Zeyaad"]
[Result "1-0"]
[WhiteElo "2303"]
[BlackElo "2239"]
[PlyCount "109"]
[EventDate "2004.07.03"]
[EventType "tourn"]
[EventRounds "13"]
[EventCountry "HUN"]
[EventCategory "2"]
[SourceTitle "EXT 2008"]
[Source "ChessBase"]
[SourceDate "2007.11.25"]
[SourceVersion "1"]
[SourceVersionDate "2007.11.25"]
[SourceQuality "1"]

1. c4 c6 2. Nf3 Nf6 3. b3 d5 4. Bb2 Bg4 5. Ne5 Bf5 6. e3 e6 7. Be2 Na6 8. 0-0 Nb4 9. a3 Na6 10. cxd5 Qxd5 11. Bc4 Qd6 12. d4 Nc7 13. Nd2 g5 14. Re1 Bg6 15. e4 Nd7 16. Nxg6 hxg6 17. e5 Qe7 18. Ne4 0-0-0 19. Qf3 Ne8 20. Bc1 Bh6 21. Be3 Nf8 22. Qg3 Nh7 23. b4 Ng7 24. Qg4 Nf5 25. Rad1 Kb8 26. Qe2 g4 27. Qxg4 Qf8 28. Bxh6 Qxh6 29. h3 Rxd4 30. Rxd4 Nxd4 31. Nd6 Ng5 32. Nxf7 Ndf3+ 33. Kh1 Nxh3 34. Qxh3 Qxh3+ 35. gxh3 Rf8 36. Re3 Rxf7 37. Bxe6 Re7 38. Rxf3 Rxe6 39. Re3 Kc7 40. Kg2 c5 41. bxc5 Kc6 42. f4 Kxc5 43. Kf3 Kc4 44. h4 Kd4 45. Rb3 b6 46. Rb4+ Kd5 47. Kg4 a5 48. Rb5+ Ke4 49. Kg5 Rc6 50. Rb1 Kd4 51. Rd1+ Ke4 52. Re1+ Kf3 53. e6 Rc8 54. e7 Re8 55. Kxg6 1-0

[Event "Budapest FS07 IM"]
[Site "Budapest"]
[Date "2004.07.08"]
[Round "5"]
[White "Janahi, Zeyaad"]
[Black "Rendle, Thomas E"]
[Result "0-1"]
[WhiteElo "2239"]
[BlackElo "2258"]
[PlyCount "109"]
[EventDate "2004.07.03"]
[EventType "tourn"]
[EventRounds "13"]
[EventCountry "HUN"]
[EventCategory "2"]
[SourceTitle "EXT 2008"]
[Source "ChessBase"]
[SourceDate "2007.11.25"]
[SourceVersion "1"]
[SourceVersionDate "2007.11.25"]
[SourceQuality "1"]

1. e4 e6 2. d4 d5 3. Nd2 Be7 4. Bd3 c5 5. dxc5 Nf6 6. Qe2 Nc6 7. Ngf3 Nb4 8. Nb3 Nxd3+ 9. cxd3 a5 10. Bg5 a4 11. Nbd2 h6 12. Bxf6 Bxf6 13. e5 Be7 14. Rc1 Qa5 15. Qe3 b6 16. cxb6 Bd8 17. 0-0 Bxb6 18. d4 Ba6 19. Rfd1 0-0 20. Rc2 Bb5 21. b4 axb3 22. Nxb3 Qa3 23. Nfd2 f6 24. exf6 Rxf6 25. Rdc1 Raf8 26. Nf3 Ba4 27. Rc3 Qe7 28. Nc5 Be8 29. Nd3 Qa7 30. Nde5 Bh5 31. a3 g5 32. h3 Rf4 33. Nc6 Qf7 34. Nfe5 Qg7 35. f3 Be8 36. Rb3 Bc7 37. Rb7 Kh8 38. Nd8 Bxe5 39. Qxe5 Qxe5 40. dxe5 R4f5 41. Nxe6 Rg8 42. Rcc7 Bg6 43. Nd4 Rxe5 44. Nc6 Re1+ 45. Kf2 Rge8 46. Re7 Re6 47. Rxe8+ Bxe8 48. Nd4 Re5 49. Rb6 Kg7 50. Ne6+ Kg8 51. Nc7 Kg7 52. Rd6 Bf7 53. a4 h5 54. a5 Re7 55. Re6 0-1

[Event "Budapest FS07 IM"]
[Site "Budapest"]
[Date "2004.07.05"]
[Round "2"]
[White "Van Leent, Dmitri"]
[Black "Janahi, Zeyaad"]
[Result "1-0"]
[WhiteElo "2277"]
[BlackElo "2239"]
[PlyCount "165"]
[EventDate "2004.07.03"]
[EventType "tourn"]
[EventRounds "13"]
[EventCountry "HUN"]
[EventCategory "2"]
[SourceTitle "EXT 2008"]
[Source "ChessBase"]
[SourceDate "2007.11.25"]
[SourceVersion "1"]
[SourceVersionDate "2007.11.25"]
[SourceQuality "1"]

1. c4 Nf6 2. g3 e6 3. Bg2 d5 4. Nf3 dxc4 5. Na3 c5 6. Nxc4 Nc6 7. 0-0 Be7 8. d3 0-0 9. b3 Nd5 10. Bb2 Bf6 11. Bxf6 Qxf6 12. Rc1 Rd8 13. a3 e5 14. Nfd2 Qe7 15. Nb2 Nd4 16. e3 Ne6 17. Nbc4 f6 18. Qc2 b6 19. Nf3 Bb7 20. Rcd1 Ndc7 21. Qb2 Rab8 22. Rfe1 Qf7 23. b4 Qh5 24. Nh4 Bxg2 25. Kxg2 e4 26. Qe2 Qxe2 27. Rxe2 cxb4 28. axb4 Rd5 29. g4 exd3 30. Red2 Rbd8 31. Nb2 Na6 32. Nf5 Kf8 33. Ra1 Nxb4 34. Rxa7 R5d7 35. Ra4 Nc2 36. Rc4 g6 37. Ng3 Nc5 38. Kf1 Nb3 39. Rd1 Nc5 40. h3 Kf7 41. Kg2 Rd5 42. Rc3 Nb4 43. Nc4 b5 44. Nd2 Nba6 45. Rb1 Rb8 46. Ngf1 f5 47. Nb3 Nxb3 48. Rcxb3 d2 49. Rd1 Rbd8 50. Rb2 b4 51. Rdxd2 Rxd2 52. Nxd2 Ke6 53. Kf3 fxg4+ 54. hxg4 Kd5 55. Ke2 Kc5 56. f4 Kb5 57. Rb1 Nc5 58. g5 Na4 59. Rh1 Nc3+ 60. Ke1 Rd7 61. Rh3 Nd5 62. Rf3 Rf7 63. Kd1 Ka4 64. Kc2 Rc7+ 65. Kd3 b3 66. Kd4 Nb4 67. Nxb3 Kxb3 68. e4+ Ka4 69. f5 Kb5 70. f6 Rd7+ 71. Ke5 Nc6+ 72. Ke6 Rd8 73. Rc3 Re8+ 74. Kd7 Rxe4 75. Rxc6 Rf4 76. Rd6 Rf5 77. Ke7 Kc5 78. Ra6 Re5+ 79. Re6 Rxg5 80. f7 Rf5 81. Rf6 Re5+ 82. Kd7 Rd5+ 83. Kc7 1-0

[Event "Dubai op 6th"]
[Site "Dubai"]
[Date "2004.04.25"]
[Round "7"]
[White "Janahi, Zeyaad"]
[Black "Shetty, Rahul"]
[Result "0-1"]
[WhiteElo "2251"]
[BlackElo "2367"]
[PlyCount "36"]
[EventDate "2004.04.19"]
[EventType "swiss"]
[EventRounds "9"]
[EventCountry "UAE"]
[SourceTitle "CBM 101"]
[Source "ChessBase"]
[SourceDate "2004.07.27"]
[SourceVersion "1"]
[SourceVersionDate "2004.07.27"]
[SourceQuality "1"]

1. e4 c5 2. Nf3 d6 3. d4 cxd4 4. Nxd4 Nf6 5. Nc3 Nc6 6. Bg5 e6 7. Qd2 a6 8. 0-0-0 Nxd4 9. Qxd4 Be7 10. f3 Qc7 11. Bh4 b5 12. g4 h6 13. a3 Bb7 14. Qd2 d5 15. Bg3 Qa5 16. exd5 Bxa3 17. Na2 Qxd2+ 18. Rxd2 Bc5 0-1

[Event "Dubai op 6th"]
[Site "Dubai"]
[Date "2004.04.19"]
[Round "1"]
[White "Janahi, Zeyaad"]
[Black "Efimenko, Zahar"]
[Result "0-1"]
[WhiteElo "2251"]
[BlackElo "2566"]
[PlyCount "64"]
[EventDate "2004.04.19"]
[EventType "swiss"]
[EventRounds "9"]
[EventCountry "UAE"]
[SourceTitle "CBM 101"]
[Source "ChessBase"]
[SourceDate "2004.07.27"]
[SourceVersion "1"]
[SourceVersionDate "2004.07.27"]
[SourceQuality "1"]

1. e4 c5 2. Nf3 d6 3. Bb5+ Bd7 4. Bxd7+ Nxd7 5. 0-0 Ngf6 6. Re1 e6 7. c4 Ne5 8. d3 Be7 9. h3 0-0 10. Nh2 Nc6 11. Nc3 Nd7 12. f4 a6 13. Nf3 Bf6 14. Be3 Qa5 15. Qd2 Rac8 16. Nd1 Qxd2 17. Bxd2 Nb4 18. Bxb4 cxb4 19. Rb1 Nc5 20. Re3 Bd8 21. d4 Nd7 22. Rb3 e5 23. Rxb4 exd4 24. c5 Nxc5 25. Rxd4 Ne6 26. Rxd6 Bc7 27. Rd7 Nc5 28. Rd5 Nxe4 29. f5 Bg3 30. Rd4 Rfe8 31. Kf1 Rc2 32. a3 Nd2+ 0-1

[Event "Asia-ch 4th"]
[Site "Doha"]
[Date "2003.03.01"]
[Round "8"]
[White "Aliev, Kerim"]
[Black "Janahi, Zeyaad"]
[Result "1-0"]
[WhiteElo "2317"]
[BlackElo "2245"]
[PlyCount "81"]
[EventDate "2003.02.22"]
[EventType "swiss"]
[EventRounds "9"]
[EventCountry "QAT"]
[SourceTitle "CBM 094"]
[Source "ChessBase"]
[SourceDate "2003.05.26"]
[SourceVersion "1"]
[SourceVersionDate "2003.05.26"]
[SourceQuality "1"]

1. d4 d5 2. c4 e6 3. Nc3 c6 4. e3 f5 5. Bd3 Nf6 6. Nge2 Bd6 7. Qc2 Ne4 8. 0-0 0-0 9. f3 Nxc3 10. bxc3 Nd7 11. Bd2 Qe7 12. e4 g6 13. Rae1 Qf7 14. Bh6 Rd8 15. Bg5 Rf8 16. cxd5 cxd5 17. exd5 exd5 18. c4 b6 19. Bf4 Qf6 20. Bxd6 Qxd6 21. Nc3 Nf6 22. Nb5 Qd7 23. c5 Bb7 24. Nd6 Ne8 25. Bb5 Bc6 26. Qa4 Bxb5 27. Qxb5 Qxb5 28. Nxb5 a6 29. Nc3 bxc5 30. dxc5 Rc8 31. Na4 Kf7 32. Rb1 Rc6 33. Rb6 Rxb6 34. cxb6 Nd6 35. Rd1 Rb8 36. Rxd5 Nc4 37. Rd7+ Kf6 38. Rc7 Nd6 39. Ra7 Rb7 40. Rxa6 Nc8 41. Nc5 1-0

[Event "Abu Dhabi op 12th"]
[Site "Abu Dhabi"]
[Date "2002.08.15"]
[Round "5"]
[White "Vahidov, Tair"]
[Black "Janahi, Zeyaad"]
[Result "1-0"]
[WhiteElo "2500"]
[BlackElo "2191"]
[PlyCount "83"]
[EventDate "2002.08.12"]
[EventType "swiss"]
[EventRounds "9"]
[EventCountry "UAE"]
[SourceTitle "CBM 089 Extra"]
[Source "ChessBase"]
[SourceDate "2002.09.10"]
[SourceVersion "2"]
[SourceVersionDate "2002.09.10"]
[SourceQuality "1"]

1. d4 d5 2. c4 c6 3. Nf3 Nf6 4. Nc3 a6 5. g3 e6 6. Bg2 dxc4 7. Ne5 c5 8. dxc5 Qxd1+ 9. Nxd1 Bxc5 10. Nxc4 Ra7 11. Bf4 Nbd7 12. 0-0 0-0 13. Rc1 b5 14. Nd6 Bxd6 15. Bxd6 Re8 16. Ne3 a5 17. Rfd1 Ba6 18. Rd2 Rc8 19. Rxc8+ Bxc8 20. Bc6 Ba6 21. Bb8 Rb7 22. Bxb7 Bxb7 23. Be5 h6 24. Bxf6 Nxf6 25. Rd6 Nd5 26. Rd8+ Kh7 27. Rd7 Bc6 28. Rxf7 Nxe3 29. fxe3 Bd5 30. a3 a4 31. Rc7 Kg6 32. Kf2 Kf6 33. e4 Bc4 34. e5+ Kg6 35. e4 h5 36. h4 Kh6 37. Ke3 g5 38. Kd4 Be2 39. Rf7 gxh4 40. gxh4 Bc4 41. Rf6+ Kg7 42. Kc5 1-0

[Event "Abu Dhabi op 12th"]
[Site "Abu Dhabi"]
[Date "2002.08.12"]
[Round "1"]
[White "Dzhumaev, Marat"]
[Black "Janahi, Zeyaad"]
[Result "1-0"]
[WhiteElo "2494"]
[BlackElo "2191"]
[PlyCount "57"]
[EventDate "2002.08.12"]
[EventType "swiss"]
[EventRounds "9"]
[EventCountry "UAE"]
[SourceTitle "CBM 089 Extra"]
[Source "ChessBase"]
[SourceDate "2002.09.10"]
[SourceVersion "2"]
[SourceVersionDate "2002.09.10"]
[SourceQuality "1"]

1. e4 c5 2. Nf3 Nc6 3. Bb5 g6 4. 0-0 Bg7 5. c3 Nf6 6. Re1 a6 7. Bxc6 dxc6 8. h3 c4 9. b3 cxb3 10. axb3 c5 11. Ba3 b6 12. d4 cxd4 13. cxd4 Bb7 14. Nbd2 0-0 15. d5 Ne8 16. Ra2 Nd6 17. Bb2 Bxb2 18. Rxb2 Rc8 19. Nd4 Qd7 20. N2f3 Nb5 21. Ne5 Qd6 22. Ndf3 f6 23. Nc4 Qc5 24. Qd2 Nd6 25. Nd4 Nxc4 26. bxc4 Qxc4 27. Rxb6 Ba8 28. Ne6 Rf7 29. Rb4 1-0

[Event "Dubai op"]
[Site "Dubai"]
[Date "2002.04.24"]
[Round "8"]
[White "Janahi, Zeyaad"]
[Black "Abbasifar, Hasan"]
[Result "0-1"]
[WhiteElo "2191"]
[BlackElo "2272"]
[PlyCount "66"]
[EventDate "2002.04.15"]
[EventType "swiss"]
[EventRounds "9"]
[EventCountry "UAE"]
[SourceTitle "CBM 087 Extra"]
[Source "ChessBase"]
[SourceDate "2002.05.03"]
[SourceVersion "2"]
[SourceVersionDate "2002.08.09"]
[SourceQuality "1"]

1. e4 e5 2. Nf3 Nc6 3. Bb5 a6 4. Ba4 Nf6 5. d4 exd4 6. 0-0 b5 7. Bb3 d6 8. Bd5 Nxd5 9. exd5 Ne7 10. Qxd4 Bb7 11. Re1 Qd7 12. a4 b4 13. a5 f6 14. c3 Kf7 15. c4 c5 16. dxc6 Bxc6 17. Nbd2 Nf5 18. Qb6 d5 19. c5 Bb5 20. g4 Ne7 21. Qd6 Qxg4+ 22. Kh1 Ra7 23. Nd4 Rd7 24. Qe6+ Qxe6 25. Rxe6 Nf5 26. N2b3 Nxd4 27. Nxd4 Bxc5 28. Nb3 Bxf2 29. Be3 Kxe6 30. Bxf2 Kf7 31. Rd1 Ba4 32. Rd3 Bxb3 33. Rxb3 d4 0-1

[Event "Asia Cities-ch 12th"]
[Site "Beirut"]
[Date "2000.03.20"]
[Round "3"]
[White "Janahi, Zeyaad"]
[Black "Abdul, Majeed Mohamad"]
[Result "0-1"]
[WhiteElo "2180"]
[BlackElo "2275"]
[PlyCount "124"]
[EventDate "2000.03.19"]
[EventType "team-swiss"]
[EventRounds "9"]
[EventCountry "LBN"]
[SourceTitle "EXT 2020"]
[Source "ChessBase"]
[SourceDate "2019.10.17"]
[SourceVersion "1"]
[SourceVersionDate "2019.10.17"]
[SourceQuality "1"]
[WhiteTeam "Manama"]
[BlackTeam "Sharjah"]
[WhiteTeamCountry "BHN"]
[BlackTeamCountry "UAE"]

1. e4 d6 2. d4 Nf6 3. Nc3 Nbd7 4. f4 e5 5. Nf3 exd4 6. Qxd4 c6 7. Be3 d5 8. e5 Ng4 9. Qd2 Nxe3 10. Qxe3 Qb6 11. Qxb6 axb6 12. Ne2 Be7 13. Ned4 Nc5 14. a3 b5 15. c3 0-0 16. f5 Re8 17. Be2 Bd8 18. 0-0 Bc7 19. Rae1 Bd7 20. Kh1 Bxe5 21. Bxb5 Bxd4 22. cxd4 Ne4 23. Bd3 Bxf5 24. Ne5 Bg6 25. Bxe4 dxe4 26. Rf4 f5 27. g4 Rf8 28. h4 Rad8 29. Rd1 Rd5 30. b4 fxg4 31. Nxg6 hxg6 32. Rxg4 Rf3 33. Rxe4 Rxa3 34. Rf1 Rf5 35. Rxf5 gxf5 36. Rf4 g6 37. Kg2 Rb3 38. h5 Kg7 39. hxg6 Kxg6 40. d5 cxd5 41. Rd4 Kf6 42. Rxd5 Rxb4 43. Kf3 Kg5 44. Rd7 Rb3+ 45. Ke2 b5 46. Rg7+ Kf4 47. Rb7 Rb2+ 48. Kd3 b4 49. Rb5 Kg4 50. Rb8 f4 51. Ke4 Re2+ 52. Kd4 Kf3 53. Kd3 Re7 54. Rxb4 Rd7+ 55. Kc2 Kg3 56. Rb8 f3 57. Rg8+ Kh2 58. Rh8+ Kg2 59. Rg8+ Kf1 60. Rf8 f2 61. Rf6 Rg7 62. Kd2 Kg1 0-1

[Event "Olympiad-32"]
[Site "Yerevan"]
[Date "1996.09.27"]
[Round "11.2"]
[White "Barrios, Ramon"]
[Black "Janahi, Zeyaad"]
[Result "1/2-1/2"]
[WhiteElo "2160"]
[BlackElo "2185"]
[PlyCount "102"]
[EventDate "1996.09.15"]
[EventType "team-swiss"]
[EventRounds "14"]
[EventCountry "ARM"]
[SourceTitle "CBM 055"]
[Source "ChessBase"]
[SourceDate "1996.12.01"]
[SourceVersion "1"]
[SourceVersionDate "1996.12.01"]
[SourceQuality "1"]
[WhiteTeam "Nicaragua"]
[BlackTeam "Bahrain"]
[WhiteTeamCountry "NCA"]
[BlackTeamCountry "BHN"]

1. Nf3 Nf6 2. c4 e6 3. g3 d5 4. d4 dxc4 5. Bg2 c5 6. Qa4+ Nc6 7. dxc5 Bd7 8. Qxc4 Qa5+ 9. Bd2 Qxc5 10. Qxc5 Bxc5 11. Nc3 0-0-0 12. 0-0 h6 13. a3 Rhe8 14. b4 Bd6 15. Rfc1 Kb8 16. b5 Na5 17. Rcb1 Nc4 18. a4 e5 19. Be1 Bf5 20. Rd1 g5 21. Nd2 Nxd2 22. Rxd2 Bc5 23. Rad1 Rc8 24. Nd5 Nxd5 25. Bxd5 f6 26. Kg2 Bd4 27. e4 Bg6 28. Ra2 Bc3 29. Bxc3 Rxc3 30. b6 axb6 31. Rb2 Rd8 32. f3 g4 33. Rxb6 gxf3+ 34. Kh3 Rc6 35. Bxc6 Rxd1 36. Rxb7+ Kc8 37. Rb2 Rd4 38. Rf2 Kc7 39. Bd5 f5 40. Rxf3 fxe4 41. Rc3+ Kd6 42. Bc4 e3 43. Be2 Rxa4 44. Rxe3 Rd4 45. g4 Ke6 46. Kg3 Re4 47. Rxe4 Bxe4 48. h4 Bg6 49. Kf2 Kd5 50. Ke3 e4 51. Bd1 Ke5 1/2-1/2

[Event "Asia-chT fin 10th"]
[Site "Kuala Lumpur"]
[Date "1993.06.??"]
[Round "7"]
[White "Janahi, Zeyaad"]
[Black "Love, Anthony J"]
[Result "0-1"]
[WhiteElo "2205"]
[BlackElo "2225"]
[PlyCount "94"]
[EventDate "1993.06.??"]
[EventType "team"]
[EventRounds "9"]
[EventCountry "MAS"]
[SourceTitle "EXT 1998"]
[Source "ChessBase"]
[SourceDate "1997.11.17"]
[SourceVersion "1"]
[SourceVersionDate "1997.11.17"]
[SourceQuality "1"]
[WhiteTeam "Bahrain"]
[BlackTeam "New Zealand"]
[WhiteTeamCountry "BHN"]
[BlackTeamCountry "NZL"]

1. e4 c5 2. c3 Nf6 3. e5 Nd5 4. d4 cxd4 5. Nf3 Nc6 6. cxd4 d6 7. Bc4 Nb6 8. Bb5 dxe5 9. Nxe5 Bd7 10. Bxc6 Bxc6 11. Nxc6 bxc6 12. 0-0 e6 13. Nc3 Be7 14. Qf3 Nd5 15. Be3 0-0 16. Rac1 Qa5 17. a3 Rab8 18. Qe2 Rb3 19. Nd1 Qb5 20. Qc2 Rc8 21. Bd2 Bf6 22. Qc4 Nb6 23. Qxb5 cxb5 24. Rxc8+ Nxc8 25. Bc3 Nb6 26. Ne3 Na4 27. Rc1 h5 28. Nd1 a6 29. Kf1 Nxc3 30. Rxc3 Rxc3 31. Nxc3 Bxd4 32. Nd1 Kf8 33. Ke2 Ke7 34. Kd3 e5 35. h3 f5 36. h4 Ke6 37. f4 Kd5 38. fxe5 Kxe5 39. g3 Kd5 40. b3 Ke5 41. b4 Kd5 42. Kd2 Ke4 43. Ke2 g6 44. Kd2 Kf3 45. Kd3 Be5 46. Ne3 Kxg3 47. Nd5 Kxh4 0-1

[Event "Asia-chT fin 10th"]
[Site "Kuala Lumpur"]
[Date "1993.06.??"]
[Round "6"]
[White "Mas, Hafizulhelmi"]
[Black "Janahi, Zeyaad"]
[Result "0-1"]
[WhiteElo "2250"]
[BlackElo "2205"]
[PlyCount "52"]
[EventDate "1993.06.??"]
[EventType "team"]
[EventRounds "9"]
[EventCountry "MAS"]
[SourceTitle "EXT 1998"]
[Source "ChessBase"]
[SourceDate "1997.11.17"]
[SourceVersion "1"]
[SourceVersionDate "1997.11.17"]
[SourceQuality "1"]
[WhiteTeam "Malaysia III"]
[BlackTeam "Bahrain"]
[WhiteTeamCountry "MAS"]
[BlackTeamCountry "BHN"]

1. e4 c5 2. Nf3 a6 3. d4 cxd4 4. Nxd4 Nf6 5. Nc3 e5 6. Nb3 Bb4 7. f3 d5 8. Bd2 dxe4 9. fxe4 Nc6 10. Qf3 Bg4 11. Qg3 h5 12. Bd3 Be7 13. a3 Nxe4 14. Qe3 Nxd2 15. Qxd2 Nd4 16. Nxd4 Qxd4 17. Rf1 Rd8 18. Rb1 0-0 19. Ne2 Qd5 20. Nc3 Qd4 21. Ne2 Qd6 22. Qe3 Qc7 23. h3 Be6 24. Nc3 f5 25. g3 e4 26. Be2 h4 0-1